[Event "Girona Gerunda Sarria Ter4th"]
[Site "Girona"]
[Date "2019.04.12"]
[Round "3.10"]
[White "Kostov, Trayan"]
[Black "Rex, Torsten Claus"]
[Result "0-1"]
[WhiteElo "1448"]
[BlackElo "1918"]
[PlyCount "126"]
[EventDate "2019.03.29"]
[EventType "swiss"]
[EventRounds "9"]
[EventCountry "ESP"]
[SourceTitle "EXT 2024"]
[Source "ChessBase"]
[SourceDate "2023.10.10"]
[SourceVersion "1"]
[SourceVersionDate "2023.10.10"]
[SourceQuality "1"]

1. e4 c5 2. Nf3 Nc6 3. Nc3 Nf6 4. Bb5 d6 5. d4 cxd4 6. Nxd4 Bd7 7. Bg5 e6 8. 0-0 Be7 9. Nf3 a6 10. Bc4 Qc7 11. a3 0-0 12. Ne2 Nxe4 13. Bxe7 Nxe7 14. Bd3 Nc5 15. Bc4 d5 16. b4 Ne4 17. Bd3 Nf6 18. Ng3 b5 19. Ng5 h6 20. Nf3 e5 21. Nd2 e4 22. Be2 Rac8 23. Rc1 Bc6 24. Nb3 Bb7 25. Nd4 g6 26. f3 Qb6 27. Kh1 Rcd8 28. Qd2 Kg7 29. c3 Qd6 30. Rfe1 Qe5 31. f4 Qd6 32. Nf1 Nc6 33. g3 Nxd4 34. cxd4 Rc8 35. Ne3 Kh7 36. f5 g5 37. Bf1 Qd7 38. Bh3 Rxc1 39. Rxc1 Rc8 40. Rxc8 Qxc8 41. Kg1 Qc7 42. Nd1 Qc4 43. Qb2 Qd3 44. Bg2 Qxd1+ 45. Bf1 Bc8 46. Kg2 e3 47. Be2 Qd2 48. Qxd2 exd2 49. Kf2 Ne4+ 50. Ke3 Bxf5 51. g4 Bg6 52. h3 f5 53. Bd1 f4+ 54. Kf3 Nc3 55. Bb3 Be4+ 56. Kf2 d1Q 57. Bxd1 Nxd1+ 58. Kg1 f3 59. a4 Bd3 60. a5 f2+ 61. Kh2 f1Q 62. h4 Qf2+ 63. Kh3 Bf1# 0-1

[Event "Girona-ch"]
[Site "Banyoles"]
[Date "2018.09.30"]
[Round "1"]
[White "Ayllon Rodriguez, Joan Pedro"]
[Black "Kostov, Trayan"]
[Result "1-0"]
[WhiteElo "2152"]
[BlackElo "1594"]
[PlyCount "40"]
[EventDate "2018.09.30"]
[EventType "swiss"]
[EventRounds "9"]
[EventCountry "ESP"]
[SourceTitle "CBM 187 Extra"]
[Source "ChessBase"]
[SourceDate "2018.11.04"]
[SourceVersion "1"]
[SourceVersionDate "2018.11.04"]
[SourceQuality "1"]

1. d4 e6 2. e3 Nf6 3. Bd3 Nc6 4. Nf3 d6 5. e4 Be7 6. 0-0 0-0 7. c3 e5 8. h3 b6 9. Re1 Bb7 10. d5 Nb8 11. Nbd2 Nbd7 12. Nf1 Nh5 13. g3 Nc5 14. Bc2 c6 15. dxc6 Bxc6 16. Nxe5 Bxe4 17. Bxe4 Nxe4 18. Rxe4 Nf6 19. Nc6 Qd7 20. Nxe7+ Kh8 1-0

[Event "Santa Eugenia op 12th"]
[Site "Santa Eugenia"]
[Date "2017.08.01"]
[Round "4"]
[White "Kostov, Trayan"]
[Black "Burset Camps, Guillem"]
[Result "1-0"]
[WhiteElo "1000"]
[BlackElo "1669"]
[PlyCount "21"]
[EventDate "2017.07.31"]
[EventType "swiss"]
[EventRounds "9"]
[EventCountry "ESP"]
[SourceTitle "CBM 179 Extra"]
[Source "ChessBase"]
[SourceDate "2017.08.23"]
[SourceVersion "1"]
[SourceVersionDate "2017.08.23"]
[SourceQuality "1"]

1. e4 c5 2. Nf3 Nc6 3. d4 cxd4 4. Nxd4 d6 5. Bb5 Qc7 6. c4 Nf6 7. Nc3 e5 8. Nd5 Qd7 9. Nc2 a6 10. Ba4 Nxe4 11. Nb6 1-0

[Event "Santa Eugenia op 10th"]
[Site "Santa Eugenia"]
[Date "2015.??.??"]
[Round "3"]
[White "Arino Falgas, Ferran"]
[Black "Kostov, Trayan"]
[Result "0-1"]
[WhiteElo "1733"]
[BlackElo "1695"]
[PlyCount "34"]
[EventDate "2015.04.17"]
[EventType "swiss"]
[EventRounds "9"]
[EventCountry "ESP"]
[SourceTitle "EXT 2016"]
[Source "ChessBase"]
[SourceDate "2015.10.08"]
[SourceVersion "1"]
[SourceVersionDate "2015.10.08"]
[SourceQuality "1"]

1. e4 e5 2. b3 Nf6 3. d3 Nc6 4. Bb2 Bb4+ 5. c3 Bc5 6. h3 d5 7. Nf3 dxe4 8. dxe4 Qxd1+ 9. Kxd1 Nxe4 10. Bd3 Nxf2+ 11. Ke1 Nxh1 12. b4 Bf2+ 13. Kf1 0-0 14. Nbd2 Be3 15. Ne4 Bf5 16. Re1 Bxe4 17. Bxe4 Ng3# 0-1

[Event "Santa Eugenia op 10th"]
[Site "Santa Eugenia"]
[Date "2015.??.??"]
[Round "2"]
[White "Kostov, Trayan"]
[Black "Clot Chico, Arnau"]
[Result "0-1"]
[WhiteElo "1695"]
[BlackElo "1818"]
[PlyCount "67"]
[EventDate "2015.04.17"]
[EventType "swiss"]
[EventRounds "9"]
[EventCountry "ESP"]
[SourceTitle "EXT 2016"]
[Source "ChessBase"]
[SourceDate "2015.10.08"]
[SourceVersion "1"]
[SourceVersionDate "2015.10.08"]
[SourceQuality "1"]

1. e4 c5 2. Nc3 d6 3. Nf3 Nf6 4. Bc4 e6 5. d4 cxd4 6. Nxd4 a6 7. Bf4 e5 8. Be3 exd4 9. Bxd4 Be7 10. e5 dxe5 11. Bxe5 0-0 12. 0-0 Nc6 13. Qxd8 Rxd8 14. Bc7 Rd7 15. Bb6 Bd8 16. Bc5 b5 17. Be2 Bb7 18. Rad1 Ba5 19. Rxd7 Nxd7 20. Be3 Re8 21. Bg4 Nf6 22. Bf5 Bxc3 23. bxc3 Ne5 24. Bd4 Nc4 25. Bd3 Bd5 26. Bxf6 gxf6 27. f4 Ne3 28. Re1 Bxa2 29. Bf5 Re7 30. Bc8 a5 31. Ba6 Bc4 32. Kf2 Ng4+ 33. Kg3 Rxe1 34. Kxg4 0-1

[Event "Santa Eugenia op 10th"]
[Site "Santa Eugenia"]
[Date "2015.??.??"]
[Round "1"]
[White "Pages Lopez, David"]
[Black "Kostov, Trayan"]
[Result "1-0"]
[WhiteElo "1869"]
[BlackElo "1695"]
[PlyCount "37"]
[EventDate "2015.04.17"]
[EventType "swiss"]
[EventRounds "9"]
[EventCountry "ESP"]
[SourceTitle "EXT 2016"]
[Source "ChessBase"]
[SourceDate "2015.10.08"]
[SourceVersion "1"]
[SourceVersionDate "2015.10.08"]
[SourceQuality "1"]

1. d4 d5 2. e4 Nf6 3. Nc3 e6 4. Bg5 Be7 5. Bd3 Nc6 6. Bxf6 Bxf6 7. e5 Bg5 8. Nge2 0-0 9. f4 Bh4+ 10. g3 Be7 11. h4 f5 12. a3 h6 13. Qd2 g5 14. hxg5 hxg5 15. 0-0-0 g4 16. Rh2 Rf7 17. Rdh1 Kg7 18. Rh7+ Kg6 19. R1h6# 1-0